State of the nation: presidential addresses to parliament from Rajendra Prasad to Neelam Sanjiva Reddy (Record no. 346208)

000 -LEADER
fixed length control field 00415cam a22001217a 4500
008 - FIXED-LENGTH DATA ELEMENTS--GENERAL INFORMATION
fixed length control field 180718b1983 xxu||||| |||| 00| 0 eng d
082 ## - DEWEY DECIMAL CLASSIFICATION NUMBER
Classification number I21x54 H191
100 ## - MAIN ENTRY--PERSONAL NAME
Personal name Handa, R.L.
245 ## - TITLE STATEMENT
Title State of the nation: presidential addresses to parliament from Rajendra Prasad to Neelam Sanjiva Reddy
Statement of responsibility, etc. by R.L. Handa
260 ## - PUBLICATION, DISTRIBUTION, ETC.
Place of publication, distribution, etc. Delhi
Name of publisher, distributor, etc. Sterling
Date of publication, distribution, etc. 1983
300 ## - PHYSICAL DESCRIPTION
Extent 299p.
650 ## - SUBJECT ADDED ENTRY--TOPICAL TERM
Topical term or geographic name entry element India --Politics and government --1947-
Holdings
Withdrawn status Lost status Damaged status Not for loan Permanent Location Current Location Date acquired Full call number Barcode Date last seen Price effective from Koha item type
        Indian Institute of Public Administration Indian Institute of Public Administration 1993-10-10 I21x54 H191 59215 2018-07-21 2018-07-21 Book

Powered by Koha